Statistics for Bible Characters #4

Click here to take the quiz!

General Stats

  • This quiz has been taken 29 times
  • The average score is 7 of 15

Answer Stats

HintAnswer% Correct
Ascended to heaven in a whirlwind of powerElijah
91%
Methuselah’s father; ascended to heavenEnoch
78%
Bears mauled teenagers who mocked the baldness of this prophetElisha
65%
Cursed by Noah for looking upon his nakenessHam
65%
Evil whingey Baal-worshipping kingAhab
57%
The above’s wife who was eaten by houndsJezebel
57%
Syrian commander who had leprosyNaaman
52%
Third-last minor prophet book in the BibleHaggai
43%
Killed Sisera with a tent pegJael
30%
Struck down by God for not impregnating TamarOnan
30%
Slave who fled from PhilemonOnesimus
26%
Touched Jesus’ garment and was cured of her illnessWoman with the {issue of blood}
26%
Swallowed up by the earth for rebelling against MosesKorah
17%
Left-handed judge who stabbed EglonEhud
13%
Mentioned in Philemon 1:2 as a “fellow soldier”Archippus
4%

Score Distribution

Percentile by Number Answered

Percent of People with Each Score

Your Score History

You have not taken this quiz